000 00525nam a2200181Ia 4500
008 100917s9999 xx 000 0 und d
082 _b26844
100 _aतेंडुलकर विजय
245 _aअजगर आणि गंधर्व
260 _bमौज प्रकाशन
300 _a130
365 _b4
520 _aनाटक
630 _aअजगर आणि गंधर्व
650 _aनाटक
730 _aअजगर आणि गंधर्व
942 _cBOOK
999 _c632238
_d632235